Statistics for São Paulo Metropolitan System Stations

Click here to take the quiz!

General Stats

  • This quiz has been taken 178 times
    (103 since last reset)
  • The average score is 73 of 173

Answer Stats

Station% Correct
Luz
86%
Corinthians-Itaquera
84%
Palmeiras-Barra Funda
83%
83%
Paulista
80%
Consolação
79%
São Paulo-Morumbi
79%
Jabaquara
78%
Japão-Liberdade
78%
Vila Madalena
78%
República
76%
Tucuruvi
76%
Ana Rosa
74%
Pinheiros
74%
Vila Mariana
72%
Brás
71%
Brigadeiro
71%
Higienópolis-Mackenzie
71%
Aeroporto-Guarulhos ✈
70%
Paraíso
70%
Portuguesa-Tiête
70%
Faria Lima
68%
Tatuapé
68%
Morumbi
67%
Trianon-MASP
67%
Butantã
64%
Vila Sônia
64%
Carrão
63%
Bresser-Mooca
62%
Jundiaí
62%
Santos-Imigrantes
62%
Chácara Klabin
61%
Guarulhos-CECAP
61%
Osasco
61%
Fradique Coutinho
59%
Praça da Árvore
59%
Vila Prudente
59%
Oscar Freire
58%
Lapa
57%
Saúde
57%
Vergueiro
57%
Vila Matilde
57%
Anhangabaú
55%
Armênia
55%
Capão Redondo
55%
Santa Cecília
55%
Santana
55%
São Bento
55%
Ipiranga
54%
Marechal Deodoro
54%
São Joaquim
54%
Sumaré
54%
Tiradentes
54%
Carandiru
53%
Clínicas
53%
Grajaú
53%
Juventus-Mooca
53%
Santa Cruz
53%
Santo André
53%
Parada Inglesa
51%
Penha
51%
Brooklin
50%
Santo Amaro
50%
Villa Lobos-Jaguaré
50%
Artur Alvim
49%
Mogi das Cruzes
49%
São Caetano
49%
Moema
47%
Pedro II
47%
Tamanduateí
47%
AACD-Servidor
46%
Campo Limpo
46%
Campo Limpo Paulista
46%
Conceição
46%
Hebraica-Rebouças
45%
Primavera-Interlagos
45%
Sacomã
45%
Vila Olímpia
45%
Belém
43%
Cidade Universitária
43%
São Judas
43%
USP-Leste
43%
Patriarca-Vila Ré
42%
Barueri
41%
Estudantes
41%
Berrini
39%
Presidente Altino
39%
Ceasa
38%
Guilhermina-Esperança
38%
Itapevi
38%
Jardim São Paulo-Ayrton Sena
38%
Suzano
38%
Alto do Ipiranga
37%
Guaianases
37%
Hospital São Paulo
37%
Júlio Prestes
37%
Pirituba
37%
São Mateus
36%
Água Branca
34%
Borba Gato
34%
Engenheiro Goulart
34%
Eucaliptos
34%
Rio Grande da Serra
34%
Cidade Jardim
33%
Giovanni Gronchi
33%
Itaim Paulista
33%
Mauá
33%
Perus
33%
Campo Belo
32%
Largo Treze
32%
Oratório
32%
Poá
32%
Autódromo
30%
Ferraz de Vasconcelos
30%
Franco da Rocha
30%
Caieiras
29%
Ribeirão Pires
29%
Sapopemba
29%
Socorro
29%
Vila das Belezas
29%
Alto da Boa Vista
28%
Francisco Morato
28%
Granja Julieta
28%
Imperatriz Leopoldina
28%
Itaquaquecetuba
28%
Adolfo Pinheiro
26%
Carapicuíba
26%
Jandira
26%
Jaraguá
26%
João Dias
26%
Jurubatuba
26%
São Miguel Paulista
26%
Calmon Viana
25%
Domingos de Moraes
25%
Utinga
25%
Piqueri
24%
Bruno Covas/Mendes-Vila Natal
22%
São Lucas
22%
Amador Bueno
21%
Dom Bosco
21%
Jardim Helena-Vila Mara
21%
José Bonifácio
21%
Prefeito Saladino
21%
Várzea Paulista
21%
Vila Clarice
20%
Vila Tolstói
20%
Comendador Ermelino
18%
Jardim Belval
18%
Baltazar Fidélis
17%
Camilo Haddad
17%
Capuava
17%
Fazenda da Juta
17%
Jardim Romano
17%
Vila Aurora
17%
Vila União
17%
Botujuru
16%
Comandante Sampaio
16%
Engenheiro Manoel Feio
16%
Jardim Colonial
16%
Sagrado Coração
16%
Santa Rita
16%
Santa Terezinha
16%
Antônio Gianetti Neto
14%
Antônio João
14%
Aracaré
14%
Braz Cubas
14%
Jardim Silveira
14%
Quitaúna
14%
Engenheiro Cardoso
13%
General Miguel Costa
13%
Guapituba
13%
Jardim Planalto
13%
Jundiapeba
13%

Score Distribution

Percentile by Number Answered

Percent of People with Each Score

Your Score History

You have not taken this quiz since the last reset